000 00946nam a2200265 i 4500
001 bgj
100 1 _aKAPLAN, Fred.
245 1 0 _aSacred Tears :
_bsentimentality in Victorian literature /
_cFred Kaplan.
260 _aPrinceton, NJ :
_bPrinceton University Press,
_c1987.
300 _aXI, 156 pp ;
_c23 cm.
505 _aIncludes index.
600 1 9 _aDickens Charles, 1812-1870
_xCriticism and interpretations
600 1 9 _aThackeray William Makepeace, 1811-1863
_xCriticism and interpretations
600 1 9 _aCarlyle Thomas, 1795-1881
_xCriticism and interpretations
650 9 _aEnglish literature
_xHistory and criticism
_y19th century
650 9 _aSentimentalism in literature
650 9 _aCrying in literature
650 9 _aEthics in literature
020 _a0691067007 (hbk, jacket)
040 _cBPK
041 0 _aeng
920 _a0-691-06700-7 (hbk, jacket)
942 _cKS
008 s uk f |000 0 eng
999 _c48058
_d48058
856 _uhttp://koha.tu.koszalin.pl/cgi-bin/koha/opac-detail.pl?biblionumber=48058
_yKatalog online BPK